Statistiken für Monster Energy Sorten

Klicken Sie hier um das Quiz zu spielen!

Allgemein

  • Dieses Quiz wurde 49 mal gespielt
  • Das Durchschnittsergebnis liegt bei 3 aus 20

Antwortstatistiken

Antwort% Korrekt
Monster Ultra
51%
Juiced Monster Mango Loco
39%
Monster Energy Original
34%
Monster Assault
27%
Monster VR/46
27%
Monster Energy Zero Sugar
22%
Juiced Monster Monarch
15%
Juiced Monster Pipeline Punch
12%
Monster Nitro
12%
Monster Energy Lewis Hamilton Zero Zucker
10%
Monster Mule
10%
Monster Ultra Red
7%
Juiced Monster Pacific Punch
5%
Monster Rehab Green Tea
5%
Monster Rehab Peach Tea
5%
Monster Ultra Citron
5%
Monster Ultra Fiesta Mango
5%
Monster Ultra Watermelon
5%
Juiced Monster Mxxd
2%
Monster Ultra Paradise
2%

Verteilung der Resultate

Perzentil nach korrekt beantworteten Fragen

Anzahl Personen mit jedem Resultat

Ihre Resultats-Entwicklung

Sie haben dieses Quiz noch nicht gespielt